000 00487cam a22001934a 4500
005 20250605164252.0
008 250528s ||||||||||||||||||||||||d
035 _a21777
020 _a9789606646935
040 _aGR-AtMCL
_bgre
_dGR-AtMCL
_eAACR2
245 1 _aΚΛΑΣΣΙΚΑ ΠΑΡΑΜΥΘΙΑ ΤΟΜΟΣ Α
250 _a1
260 _bJoconda,
_c2008
300 _a50
700 1 _aΒουλγαρη Μαρια
_97702
942 _cBK
999 _c6836
_d6836